| 000 | 00561nam a22001697a 4500 | ||
|---|---|---|---|
| 003 | NUST | ||
| 020 | _cAvailable | ||
| 082 | _a200 | ||
| 100 |
_aTalha Bin Hussain, Hafiz _9119872 |
||
| 245 |
_aContainerized microservice framework on edge device for health care IOT system/ _cHafiz Talha Bin Hussain |
||
| 264 |
_aIslamabad; _bSEECS NUST; _c2023 |
||
| 300 | _bHard Cover | ||
| 650 |
_aMS-Information Technology _926924 |
||
| 700 |
_aSupervisor:Dr. Farzana Jabeen _9120299 |
||
| 856 | _u http://10.250.8.41:8080/xmlui/handle/123456789/37844 | ||
| 942 |
_2ddc _cSC |
||
| 999 |
_c607402 _d607402 |
||